A-Z of Sports - Statistics

General Stats
  • This quiz has been taken 103 times
  • The average score is 15 of 26
Answer Stats
Letter Hint Sport % Correct
A A sport with a a bow and arrow. Archery
94%
B The sport where the terms 'swish' and "hook" came from. Basketball
91%
C The Tour de France is an event in this sport. Cycling
91%
D The sport where you try to hit the bullseye. Darts
89%
S The worlds most popular sport. Soccer
89%
P A popular name for table tennis. Ping Pong
87%
M A race over 42 kilometres. Marathon
85%
T Federer and Nadal play this. Tennis
85%
V A game for 2 teams of 6 players, where you try slap the ball over the net. Volleyball
83%
F Also known as Giridon football. Football
77%
R 15 players on a team work together to try touch the ball over the other teams line. Rugby
77%
K A martial art that is practiced worldwide. Karate
76%
W The game consists of four quarters in which the two teams attempt to score goals while in water. Water Polo
72%
H A race with obstacles that you have to jump over. Hurdles
71%
J This is an Olympic throwing sport, but was also an ancient weapon. Javelin
71%
I The Philadelphia Flyers play this. Ice Hockey
69%
Q A sport that came from Harry Potter Quidditch
68%
N Similar to B, but once you receive the ball, you can’t move. Netball
53%
L The oldest organised ball sport. Lacrosse
40%
O The sport of using a map. Orienteering
39%
G A sport that is most common in Ireland. Gaelic Football
36%
Z S with a large inflatable ball. Zorb Football
3%
E A handball sport derived from the English game Fives. Eton Fives
1%
U A traditional ball sport from Mexico, where players keep the ball up with their hips or forearms. Ulama
0%
X A racket sport similar to tennis. Xare
0%
Y A variation of billiards played in East Asia. Yotsudama
0%
No matching quizzes found
Score Distribution
Percent of People with Each Score
Percentile by Number Answered
Your Score History
You have not taken this quiz